| 000 | 00000nam##2200000za#4500 |
| 001 | 9.615678 |
| 003 | CaOODSP |
| 005 | 20200813121900 |
| 007 | ta |
| 008 | 150406|2001||||xxc||||| f|0| 0 eng|d |
| 020 | |a0-660-18599-7 |
| 022 | |a1200-5223 |
| 040 | |aCaOODSP|beng |
| 043 | |an-cn--- |
| 086 | 1 |aCS11-0019/169E |
| 245 | 00|aDynamics of the Canadian manufacturing sector in metropolitan and rural regions / |cby John R. Baldwin, W. Mark Brown and Tara Vinodrai. |
| 260 | |aOttawa - Ontario : |bStatistics Canada |c2001. |
| 300 | |axi, 44p. : |bgraphs, maps, references, tables ; |c28 cm. |
| 490 | 1 |aResearch paper series|x1200-5223|vNo. 169 |
| 563 | |aSoftcover |
| 590 | |a01-49|b2001-12-07 |
| 710 | 2 |aStatistics Canada. |
| 720 | 1 |aBaldwin, John R. |
| 720 | 1 |aBrown, W. Mark |
| 720 | 1 |aVinodrai, Tara |
| 775 | 08|tDynamique du secteur canadien de la fabrication dans les régions métropolitaines et rurales / |w(CaOODSP)9.625709 |
| 776 | 0#|tDynamics of the Canadian manufacturing sector in metropolitan and rural regions / |w(CaOODSP)9.557886 |
| 830 | #0|aResearch paper series,|x1200-5223|vNo. 169|w(CaOODSP)9.514463 |